Tìm hiểu pháp luật về bảo tồn di sản văn hóa

সংরক্ষণ করুন:
গ্রন্থ-পঞ্জীর বিবরন
প্রধান লেখক: Lê, Văn Quý
বিন্যাস: গ্রন্থ
প্রকাশিত: Hà Nội Chính trị Quốc gia - Sự Thật 2014
বিষয়গুলি:
ট্যাগগুলো: ট্যাগ যুক্ত করুন
কোনো ট্যাগ নেই, প্রথমজন হিসাবে ট্যাগ করুন!
Thư viện lưu trữ: Trung tâm Học liệu Lê Vũ Hùng, Trường Đại học Đồng Tháp
LEADER 00784pam a22002298a 4500
001 00040329
005 20171123091105.0
008 110330s1995 ||||||Viesd
020 # # |c 30000  |a 978 604 57 0256 7 
041 0 # |a Vie 
082 1 4 |a 344.597 090 263 8  |b T310H 
100 0 # |a Lê, Văn Quý 
245 0 0 |c Lê Văn Quý  |a Tìm hiểu pháp luật về bảo tồn di sản văn hóa 
260 # # |b Chính trị Quốc gia - Sự Thật  |c 2014  |a Hà Nội 
300 # # |a 164 tr.  |c 21 cm. 
653 # # |a Di sản văn hóa 
653 # # |a Việt Nam 
653 # # |a bảo Tồn 
653 # # |a pháp luật 
852 # # |j KD.0022730  |j KM.0023864 
910 |d 23/11/2017 
980 # # |a Trung tâm Học liệu Lê Vũ Hùng, Trường Đại học Đồng Tháp